[Event "Mondiale 2007"]
[Site "Città del Messico MES"]
[Date "2007.09.14"]
[Round "2"]
[White "Aronian, Levon"]
[Black "Anand, Viswanathan"]
[Result "0-1"]
[WhiteElo "2750"]
[BlackElo "2792"]
[PlyCount "82"]
[EventDate "2007.09.13"]
[Source "www.chesslib.no"]
[SourceDate "2004.05.04"]

1. d4 Nf6 2. c4 e6 3. Nf3 d5 4. Nc3 c6 5. Bg5 h6 6. Bh4 dxc4 7. e4 g5 8. Bg3 b5 9. Ne5 h5 10. h4 g4 11. Be2 Bb7 12. O-O Nbd7 13. Qc2 Nxe5 14. Bxe5 Bg7 15. Rad1 O-O 16. Bg3 Nd7 17. f3 c5 18. dxc5 Qe7 19. Kh1 a6 20. a4 Bc6 21. Nd5 exd5 22. exd5 Be5 23. f4 Bg7 24. dxc6 Nxc5 25. Rd5 Ne4 26. Be1 Qe6 27. Rxh5 f5 28. Kh2 Rac8 29. Bb4 Rfe8 30. axb5 axb5 31. Re1 Qf7 32. Rg5 Nxg5 33. fxg5 Rxc6 34. Bf1 Rxe1 35. Bxe1 Re6 36. Bc3 Qc7+ 37. g3 Re3 38. Qg2 Bxc3 39. bxc3 f4 40. Qa8+ Kg7 41. Qa6 fxg3+ 0-1

[Event "World Blitz"]
[Site "Moscow RUS"]
[Date "2007.11.21"]
[Round "9"]
[White "Mamedyarov, S."]
[Black "Ivanchuk, V."]
[Result "1-0"]
[WhiteElo "2752"]
[BlackElo "2787"]
[PlyCount "70"]
[EventDate "2007.11.21"]
[Source "www.chesslib.no"]
[SourceDate "2004.05.04"]

1. d4 Nf6 2. c4 e6 3. Nf3 d5 4. Nc3 c6 5. Bg5 h6 6. Bxf6 Qxf6 7. e3 Nd7 8. Bd3 dxc4 9. Bxc4 g6 10. O-O Bg7 11. Qc2 Qe7 12. Bb3 b6 13. e4 O-O 14. d5 cxd5 15. exd5 Nc5 16. Rfe1 Nxb3 17. Qxb3 Bd7 18. Rad1 Rac8 19. Ne5 Bxe5 20. Rxe5 Rfd8 21. Rde1 Rc5 22. Qa3 Qd6 23. Qb3 Qe7 24. Qb4 Qf6 25. Qd4 Kg7 26. f4 exd5 27. Nxd5 Be6 28. Qxc5 Qxe5 29. Rxe5 bxc5 30. Nc3 Rd2 31. b3 c4 32. bxc4 Bxc4 33. Re4 Be6 34. a3 Rd3 35. Nb5 a6 1-0

[Event "Olimpiadi 2008 - open"]
[Site "Dresda GER"]
[Date "2008.11.20"]
[Round "7"]
[White "Aronian, L."]
[Black "Kramnik, V."]
[Result "1/2-1/2"]
[WhiteElo "2757"]
[BlackElo "2772"]
[PlyCount "81"]
[EventDate "2008.11.13"]
[Source "www.chesslib.no"]
[SourceDate "2004.05.04"]

1. d4 d5 2. c4 c6 3. Nf3 Nf6 4. Nc3 e6 5. Bg5 h6 6. Bh4 dxc4 7. e4 g5 8. Bg3 b5 9. Ne5 Bb7 10. h4 g4 11. Nxg4 Nxg4 12. Qxg4 Qxd4 13. Rd1 Qf6 14. e5 Qf5 15. Qd4 Be7 16. b3 c5 17. Qe3 Nc6 18. bxc4 Nb4 19. Qf4 Nc2+ 20. Ke2 Qxf4 21. Bxf4 bxc4 22. f3 Nd4+ 23. Kf2 Bd5 24. h5 Rb8 25. Be2 Rb2 26. Rd2 Rxd2 27. Bxd2 f6 28. exf6 Bxf6 29. Rb1 Nxe2 30. Nxe2 O-O 31. Bxh6 Bh4+ 32. Kg1 Rf5 33. Rb8+ Kh7 34. Bd2 Rxh5 35. Bc3 Bg5 36. Kf2 Bh4+ 37. Kf1 Bg5 38. Ng3 Rh4 39. Rh8+ Kg6 40. Rg8+ Kh6 41. Rh8+ 1/2-1/2

[Event "MTel"]
[Site "Sofia BUL"]
[Date "2007.05.12"]
[Round "3"]
[White "Mamedyarov, S."]
[Black "Topalov, V."]
[Result "1-0"]
[WhiteElo "2757"]
[BlackElo "2772"]
[PlyCount "59"]
[EventDate "2007.05.10"]
[Source "www.chesslib.no"]
[SourceDate "2004.05.04"]

1. d4 Nf6 2. c4 e6 3. Nf3 d5 4. Nc3 c6 5. Bg5 h6 6. Bxf6 Qxf6 7. Qb3 Nd7 8. e4 dxe4 9. Nxe4 Qf4 10. Bd3 e5 11. O-O exd4 12. Nxd4 Nc5 13. Nxc5 Bxc5 14. Rae1+ Kf8 15. Re4 Qf6 16. Qc3 a5 17. Rfe1 Bd7 18. R1e3 Bb4 19. Qc2 Qd6 20. Rf3 h5 21. c5 Bxc5 22. Bc4 f6 23. Ne6+ Bxe6 24. Rxe6 Qd7 25. Qf5 Qd4 26. Re4 Qd1+ 27. Bf1 Bd6 28. Rd3 Bxh2+ 29. Kxh2 Qxf1 30. Rd7 1-0

[Event "World Blitz"]
[Site "Moscow RUS"]
[Date "2007.11.21"]
[Round "7"]
[White "Kramnik, V."]
[Black "Shirov, A."]
[Result "1/2-1/2"]
[WhiteElo "2785"]
[BlackElo "2739"]
[PlyCount "35"]
[EventDate "2007.11.21"]
[Source "www.chesslib.no"]
[SourceDate "2004.05.04"]

1. Nf3 d5 2. d4 Nf6 3. c4 e6 4. Nc3 h6 5. Bg5 c6 6. Bh4 dxc4 7. e4 g5 8. Bg3 b5 9. Be2 Bb7 10. O-O Nbd7 11. Ne5 Bg7 12. Nxd7 Nxd7 13. Bd6 a6 14. a4 e5 15. Re1 Qf6 16. Ba3 Bf8 17. Bg4 Rd8 18. Nd5 1/2-1/2

[Event "World Blitz"]
[Site "Moscow RUS"]
[Date "2007.11.22"]
[Round "33"]
[White "Ponomariov, R."]
[Black "Anand, V."]
[Result "1-0"]
[WhiteElo "2705"]
[BlackElo "2801"]
[PlyCount "65"]
[EventDate "2007.11.21"]
[Source "www.chesslib.no"]
[SourceDate "2004.05.04"]

1. d4 d5 2. c4 c6 3. Nf3 Nf6 4. Nc3 e6 5. Bg5 h6 6. Bxf6 Qxf6 7. e3 Nd7 8. Bd3 dxc4 9. Bxc4 g6 10. O-O Bg7 11. Qc2 O-O 12. Rad1 Qe7 13. Rfe1 b6 14. e4 Bb7 15. a3 Rac8 16. e5 b5 17. Ba2 c5 18. d5 c4 19. h4 Nc5 20. h5 exd5 21. hxg6 d4 22. Rxd4 Bxf3 23. gxf3 Nd3 24. Rxd3 cxd3 25. Qxd3 Kh8 26. gxf7 Qg5+ 27. Kf1 Bxe5 28. Re4 Bxc3 29. bxc3 Qc1+ 30. Kg2 Qxc3 31. Qd6 Qc6 32. Qe5+ Kh7 33. Rg4 1-0

[Event "Wijk aan Zee 71/450"]
[Site "?"]
[Date "1998.??.??"]
[Round "?"]
[White "Karpov, Anatoly"]
[Black "Anand, Viswanathan"]
[Result "1/2-1/2"]
[WhiteElo "2735"]
[BlackElo "2770"]
[PlyCount "120"]
[EventDate "1998.??.??"]
[Source "ChessBase"]
[SourceDate "1997.10.01"]

1. d4 d5 2. c4 c6 3. Nc3 Nf6 4. Nf3 e6 5. Bg5 h6 6. Bxf6 Qxf6 7. e3 Nd7 8. Rc1 Qd8 9. Bd3 Be7 10. O-O O-O 11. Qe2 a6 12. Bb1 f5 13. Ne1 Bd6 14. c5 Bc7 15. f4 Nf6 16. Bd3 Bd7 17. Qd1 g5 18. g3 Rf7 19. Rc2 Rg7 20. Rg2 Qe7 21. Be2 Kh8 22. Qb3 Rb8 23. Nd3 Be8 24. Qd1 Bf7 25. Ne5 Rbg8 26. Bf3 Be8 27. b4 h5 28. Re1 h4 29. Kf2 gxf4 30. exf4 Ne4+ 31. Bxe4 fxe4 32. Ke3 a5 33. a3 axb4 34. axb4 b6 35. Na4 b5 36. Nc3 hxg3 37. Rh1 Qh4 38. Ne2 Rh7 39. Qg1 Rf8 40. Qe1 Bxe5 41. dxe5 d4+ 42. Kxd4 Bh5 43. hxg3 Qg4 44. Rf2 Ra8 45. Rh4 Qg6 46. Kc3 Ra2 47. Rfh2 Rxe2 48. Rxe2 Bxe2 49. Rxh7+ Kxh7 50. Qxe2 Qxg3+ 51. Kd4 Qxf4 52. Qh5+ Kg7 53. Qe8 e3+ 54. Kd3 Qf5+ 55. Kxe3 Qxe5+ 56. Kd3 Qd5+ 57. Ke3 Kf6 58. Qf8+ Kg5 59. Qg7+ Kh5 60. Qf7+ Kg5 1/2-1/2

[Event "Mondiale 2007"]
[Site "Città del Messico MES"]
[Date "2007.09.13"]
[Round "1"]
[White "Kramnik, Vladimir"]
[Black "Svidler, Peter"]
[Result "1/2-1/2"]
[WhiteElo "2769"]
[BlackElo "2735"]
[PlyCount "45"]
[EventDate "2007.09.13"]
[Source "www.chesslib.no"]
[SourceDate "2004.05.04"]

1. Nf3 d5 2. d4 Nf6 3. c4 c6 4. Nc3 e6 5. Bg5 h6 6. Bxf6 Qxf6 7. e3 Nd7 8. Bd3 g6 9. e4 dxc4 10. e5 Qe7 11. Bxc4 Bg7 12. O-O O-O 13. Re1 Rd8 14. Qe2 b6 15. Rad1 a5 16. Bd3 Bb7 17. Be4 b5 18. h4 Nb6 19. Bb1 c5 20. Nxb5 Ba6 21. h5 g5 22. Nh2 Rxd4 23. Rxd4 1/2-1/2

[Event "Mondiale 2007"]
[Site "Città del Messico MES"]
[Date "2007.09.20"]
[Round "7"]
[White "Kramnik, Vladimir"]
[Black "Gelfand, Boris"]
[Result "1/2-1/2"]
[WhiteElo "2769"]
[BlackElo "2733"]
[PlyCount "80"]
[EventDate "2007.09.13"]
[Source "www.chesslib.no"]
[SourceDate "2004.05.04"]

1. d4 d5 2. c4 c6 3. Nf3 Nf6 4. Nc3 e6 5. Bg5 h6 6. Bh4 dxc4 7. e4 g5 8. Bg3 b5 9. Be2 Bb7 10. O-O Nbd7 11. Ne5 h5 12. Nxd7 Qxd7 13. Qc1 Rg8 14. Rd1 Bb4 15. Qe3 Qe7 16. h3 h4 17. Bh2 Bxc3 18. bxc3 g4 19. Kh1 c5 20. hxg4 cxd4 21. Rxd4 e5 22. Rdd1 Nxg4 23. Bxg4 Rxg4 24. f3 Rg6 25. a4 a5 26. axb5 a4 27. Qe2 Qc5 28. Rab1 Rd6 29. Rxd6 Qxd6 30. Qxc4 a3 31. Ra1 h3 32. Qe2 hxg2+ 33. Qxg2 O-O-O 34. Qa2 f5 35. Qxa3 fxe4 36. Qxd6 Rxd6 37. fxe4 Bxe4+ 38. Kg1 Bd3 39. Bxe5 Rg6+ 40. Kf2 Bxb5 1/2-1/2

[Event "Novgorod"]
[Site "?"]
[Date "1996.??.??"]
[Round "?"]
[White "Ivanchuk, V."]
[Black "Kramnik, Vladimir"]
[Result "1-0"]
[WhiteElo "2730"]
[BlackElo "2765"]
[PlyCount "80"]
[EventDate "1996.??.??"]
[Source "ChessBase"]
[SourceDate "1996.06.01"]

1. d4 d5 2. c4 c6 3. Nf3 Nf6 4. Nc3 e6 5. Bg5 h6 6. Bxf6 Qxf6 7. e3 Nd7 8. Bd3 dxc4 9. Bxc4 g6 10. O-O Bg7 11. Rc1 O-O 12. Re1 Qe7 13. e4 Rd8 14. e5 b6 15. Qe2 Rb8 16. Bd3 Bb7 17. Be4 Nf8 18. g3 Rbc8 19. a3 Rc7 20. Red1 c5 21. Bxb7 Rxb7 22. Ne4 Rc7 23. dxc5 Rxd1+ 24. Rxd1 bxc5 25. h4 Nd7 26. Nd6 Nb6 27. Nd2 Rd7 28. f4 Rxd6 29. exd6 Qxd6 30. Ne4 Qc6 31. Rd8+ Kh7 32. h5 Qc7 33. hxg6+ fxg6 34. Rd6 Bd4+ 35. Kh2 Nd5 36. Rxe6 Qb7 37. Qg4 Ne7 38. Nd6 Qd7 39. Qe2 Ng8 40. Qe4 Bf6 1-0

[Event "World Blitz"]
[Site "Moscow RUS"]
[Date "2007.11.21"]
[Round "7"]
[White "Mamedyarov, S."]
[Black "Gelfand, B."]
[Result "1/2-1/2"]
[WhiteElo "2752"]
[BlackElo "2736"]
[PlyCount "164"]
[EventDate "2007.11.21"]
[Source "www.chesslib.no"]
[SourceDate "2004.05.04"]

1. d4 Nf6 2. c4 e6 3. Nf3 d5 4. Nc3 c6 5. Bg5 h6 6. Bxf6 Qxf6 7. e3 Nd7 8. Bd3 dxc4 9. Bxc4 g6 10. O-O Bg7 11. Qc2 O-O 12. Bb3 Qe7 13. Ne4 e5 14. Nc3 Kh7 15. Rfe1 Re8 16. Rad1 e4 17. Nd2 f5 18. Nc4 Nb6 19. Nxb6 axb6 20. a3 Bd7 21. Rd2 b5 22. d5 Qc5 23. dxc6 Bxc6 24. Ne2 Qxc2 25. Rxc2 Red8 26. h4 Rd3 27. Bf7 Rd7 28. Bb3 Rd3 29. Bf7 Rf8 30. Ba2 Rfd8 31. h5 Be5 32. Rc5 Bd6 33. Rc2 Be5 34. Rc5 Bd6 35. Rc2 Be5 36. hxg6+ Kxg6 37. Rc5 Kf6 38. Ng3 Bxg3 39. fxg3 Rd1 40. Kf1 R8d2 41. Rxd1 Rxd1+ 42. Ke2 Rg1 43. Kf2 Ra1 44. Bg8 Rb1 45. Rc2 Ke5 46. Rd2 Rc1 47. Bb3 Rb1 48. Ba2 Ra1 49. Bb3 Rb1 50. Bd1 Bd5 51. g4 fxg4 52. Bxg4 Bc4 53. Be2 Bxe2 54. Kxe2 h5 55. Kf2 h4 56. Ke2 Kf5 57. Rd5+ Kg4 58. Rxb5 Rg1 59. Kf2 Rc1 60. Rxb7 Rc2+ 61. Kf1 Rc1+ 62. Kf2 Rc2+ 63. Kg1 Re2 64. Rg7+ Kf5 65. Rf7+ Ke5 66. a4 Rxb2 67. Re7+ Kf5 68. Rf7+ Ke5 69. Rh7 Ra2 70. a5 Ra3 71. Kf2 Ra2+ 72. Kg1 Ra3 73. Rh5+ Kf6 74. a6 Kg6 75. Rxh4 Rxe3 76. Rh8 Ra3 77. Ra8 e3 78. a7 Kg7 79. Kf1 Ra2 80. Ke1 Kh7 81. g4 Kg7 82. g5 Kh7 1/2-1/2

[Event "Dortmund 73/(482)"]
[Site "?"]
[Date "1998.??.??"]
[Round "?"]
[White "Beliavsky, Alexander G"]
[Black "Kramnik, Vladimir"]
[Result "1/2-1/2"]
[WhiteElo "2690"]
[BlackElo "2790"]
[PlyCount "37"]
[EventDate "1998.??.??"]
[Source "ChessBase"]
[SourceDate "1998.06.01"]

1. d4 d5 2. Nf3 Nf6 3. c4 c6 4. Nc3 e6 5. Bg5 h6 6. Bxf6 Qxf6 7. Qc2 dxc4 8. e3 b5 9. a4 Bb7 10. axb5 cxb5 11. Nxb5 Bb4+ 12. Nc3 O-O 13. Be2 Nd7 14. O-O Rfc8 15. Rfc1 a5 16. Na4 Rab8 17. Qd1 e5 18. Rxc4 Rxc4 19. Bxc4 1/2-1/2

[Event "Amber 2007 Rapid"]
[Site "Monte Carlo MNC"]
[Date "2007.03.19"]
[Round "3"]
[White "Aronian, L."]
[Black "Gelfand, B."]
[Result "1-0"]
[WhiteElo "2744"]
[BlackElo "2733"]
[PlyCount "71"]
[EventDate "2007.03.17"]
[Source "www.chesslib.no"]
[SourceDate "2004.05.04"]

1. d4 d5 2. c4 c6 3. Nc3 Nf6 4. Nf3 e6 5. Bg5 h6 6. Bh4 dxc4 7. e4 g5 8. Bg3 b5 9. Be2 Bb7 10. O-O Nbd7 11. Ne5 h5 12. Nxd7 Qxd7 13. Be5 Rh6 14. Qc1 c5 15. dxc5 b4 16. Qxg5 Rg6 17. Qf4 Ng4 18. Rad1 Qc6 19. Nd5 exd5 20. exd5 Qxc5 21. Rfe1 Bh6 22. Qf5 Bc8 23. Bd4 Bxf5 24. Bxc5 Kd8 25. Bxc4 Bd7 26. h3 Nf6 27. Bd3 Ng8 28. Bxg6 fxg6 29. Bxb4 a5 30. Bc3 Ra6 31. d6 Bf8 32. Re5 a4 33. Ra5 Rxd6 34. Ra8+ Bc8 35. Rc1 Ne7 36. Bb4 1-0

[Event "World Blitz"]
[Site "Moscow RUS"]
[Date "2007.11.22"]
[Round "31"]
[White "Kramnik, V."]
[Black "Kasimdzhanov, R."]
[Result "1/2-1/2"]
[WhiteElo "2785"]
[BlackElo "2690"]
[PlyCount "111"]
[EventDate "2007.11.21"]
[Source "www.chesslib.no"]
[SourceDate "2004.05.04"]

1. d4 d5 2. Nf3 Nf6 3. c4 c6 4. Nc3 e6 5. Bg5 h6 6. Bxf6 Qxf6 7. g3 Nd7 8. Bg2 dxc4 9. O-O Be7 10. Ne4 Qf5 11. Ned2 Nb6 12. Ne5 O-O 13. e3 c5 14. Be4 Qh3 15. dxc5 Bxc5 16. Ndxc4 Nxc4 17. Nxc4 Be7 18. Nd6 e5 19. Nxb7 Rb8 20. Na5 Rxb2 21. Nc6 Bg5 22. Bg2 Qe6 23. Qd5 Qxd5 24. Bxd5 Bb7 25. Rfb1 Bxc6 26. Bxc6 Rfb8 27. Rxb2 Rxb2 28. Bd5 Rd2 29. Bb3 g6 30. Rc1 Rd7 31. Rc5 Bf6 32. Kg2 Kg7 33. Kf3 h5 34. h4 Kf8 35. Ra5 Rc7 36. Ke4 Rd7 37. Bd5 Rc7 38. Kd3 Be7 39. Bb3 Bd6 40. Ke4 Ke7 41. Kd5 Bb4 42. Rb5 Be1 43. Kxe5 Bxf2 44. Kf4 Be1 45. g4 Bxh4 46. gxh5 gxh5 47. Rxh5 Bf6 48. Rh7 Kf8 49. e4 Re7 50. Rh5 Bd4 51. e5 Kg7 52. Ke4 Bc3 53. Rf5 Bb2 54. Kd5 Bc3 55. a4 a5 56. Ke4 1/2-1/2

[Event "II Torneo GP Fide"]
[Site "Sochi RUS"]
[Date "2008.07.31"]
[Round "1"]
[White "Grischuk, A."]
[Black "Karjakin, Sergey"]
[Result "1-0"]
[WhiteElo "2728"]
[BlackElo "2727"]
[PlyCount "81"]
[EventDate "2008.07.31"]
[Source "www.chesslib.no"]
[SourceDate "2004.05.04"]

1. d4 d5 2. c4 c6 3. Nf3 Nf6 4. Nc3 e6 5. Bg5 h6 6. Bh4 dxc4 7. e4 g5 8. Bg3 b5 9. Ne5 h5 10. h4 g4 11. Be2 Bb7 12. O-O Nbd7 13. Qc2 Nxe5 14. Bxe5 Bg7 15. b3 cxb3 16. axb3 O-O 17. Bg3 c5 18. e5 Nd5 19. Nxb5 cxd4 20. Nd6 Rb8 21. Qd2 Nc3 22. Bd3 a5 23. Ra3 Bd5 24. Bc2 Rb6 25. Re1 a4 26. Qd3 f5 27. exf6 Rxf6 28. Nc4 Bxc4 29. bxc4 Qe7 30. Qxd4 Qxa3 31. Qxb6 e5 32. Qd8+ Qf8 33. Qa5 e4 34. Bxe4 Nxe4 35. Rxe4 a3 36. Re3 Qf7 37. Qxa3 Qxc4 38. Qa5 Qf7 39. Re5 Rh6 40. Qd8+ Kh7 41. Re7 1-0

[Event "Pivdenny Bank Cup"]
[Site "Odessa UKR"]
[Date "2007.07.04"]
[Round "1"]
[White "Grischuk, A."]
[Black "Gelfand, B."]
[Result "1-0"]
[WhiteElo "2717"]
[BlackElo "2733"]
[PlyCount "81"]
[EventDate "2007.07.04"]
[Source "www.chesslib.no"]
[SourceDate "2004.05.04"]

1. d4 d5 2. c4 c6 3. Nf3 Nf6 4. Nc3 e6 5. Bg5 h6 6. Bh4 dxc4 7. e4 g5 8. Bg3 b5 9. Be2 Bb7 10. h4 g4 11. Ne5 Nbd7 12. Nxd7 Qxd7 13. Be5 Qe7 14. O-O Rg8 15. b3 b4 16. Na4 c3 17. Qd3 Nd7 18. Bg3 e5 19. Rad1 Bg7 20. d5 Qd6 21. Bxg4 cxd5 22. exd5 O-O-O 23. a3 Ba6 24. Qe3 h5 25. Bf5 Kb8 26. Rfe1 Bh6 27. Qf3 Bd2 28. axb4 Bxe1 29. Rxe1 Qxb4 30. Re4 Qxb3 31. Bxd7 Rxg3 32. fxg3 Qb1+ 33. Kh2 c2 34. Nc5 Bb7 35. Qf6 Qb6 36. Qxe5+ Qc7 37. Qxc7+ Kxc7 38. Rc4 Bxd5 39. Rxc2 Kd6 40. Ba4 Rb8 41. Nd3 1-0

[Event "Wijk aan Zee 71/452"]
[Site "?"]
[Date "1998.??.??"]
[Round "?"]
[White "Salov, Valery"]
[Black "Anand, Viswanathan"]
[Result "0-1"]
[WhiteElo "2680"]
[BlackElo "2770"]
[PlyCount "96"]
[EventDate "1998.??.??"]
[Source "ChessBase"]
[SourceDate "1997.10.01"]

1. d4 d5 2. Nf3 Nf6 3. c4 c6 4. Nc3 e6 5. Bg5 h6 6. Bxf6 Qxf6 7. e3 Nd7 8. Bd3 dxc4 9. Bxc4 g6 10. O-O Bg7 11. Rc1 O-O 12. Bb3 Rd8 13. Qc2 Qe7 14. Rfd1 b6 15. a3 Bb7 16. Ba2 a6 17. Nd2 c5 18. Nc4 cxd4 19. exd4 b5 20. Na5 Nb6 21. Nxb7 Qxb7 22. Ne2 Rac8 23. Qd3 Qd7 24. Rxc8 Rxc8 25. Bb3 Nc4 26. Bxc4 Rxc4 27. f4 h5 28. Kf2 Bf6 29. g3 h4 30. Rd2 Qd5 31. Rd1 Kg7 32. b3 hxg3+ 33. hxg3 Rc8 34. Qf3 Qd6 35. b4 Rc4 36. Qd3 Qc7 37. d5 exd5 38. Qxd5 Bb2 39. Rd3 Rc2 40. Kf3 Qc8 41. Re3 Qh3 42. Qd1 Qh5+ 43. Kf2 Qh2+ 44. Kf3 Rc8 45. Qb1 Bc1 46. Nxc1 Qh1+ 47. Kf2 Rxc1 48. Qd3 Rg1 0-1

[Event "FRA CupT final"]
[Site "Paris"]
[Date "2002.05.25"]
[Round "1.1"]
[White "Kramnik, Vladimir"]
[Black "Vallejo Pons, Francisco"]
[Result "1/2-1/2"]
[WhiteElo "2809"]
[BlackElo "2638"]
[PlyCount "59"]
[EventDate "2002.05.25"]
[Source "ChessBase"]
[SourceDate "2002.09.20"]

1. d4 d5 2. c4 c6 3. Nf3 Nf6 4. Nc3 e6 5. Bg5 h6 6. Bxf6 Qxf6 7. e3 Nd7 8. Qc2 g6 9. cxd5 exd5 10. Bd3 Bg7 11. O-O O-O 12. b4 Qd6 13. Rab1 a6 14. Rfc1 b5 15. Ne2 Bb7 16. h4 h5 17. Nf4 Bh6 18. g3 a5 19. a4 axb4 20. axb5 Rfc8 21. bxc6 Rxc6 22. Qb2 Bf8 23. Ng5 Be7 24. Rxc6 Bxc6 25. Bc2 Nb6 26. Nd3 Nc4 27. Qxb4 Qd8 28. Qc3 Bxg5 29. hxg5 Qxg5 30. Ne5 1/2-1/2

[Event "2nd ACP World Rapid Cup"]
[Site "Odessa UKR"]
[Date "2008.01.07"]
[Round "3.1"]
[White "Grischuk, A."]
[Black "Karjakin, Sergey"]
[Result "0-1"]
[WhiteElo "2711"]
[BlackElo "2732"]
[PlyCount "124"]
[EventDate "2008.01.04"]
[Source "www.chesslib.no"]
[SourceDate "2004.05.04"]

1. d4 d5 2. c4 c6 3. Nf3 Nf6 4. Nc3 e6 5. Bg5 h6 6. Bh4 dxc4 7. e4 g5 8. Bg3 b5 9. Ne5 h5 10. h4 g4 11. Be2 Bb7 12. O-O Nbd7 13. Qc2 Nxe5 14. Bxe5 Bh6 15. Bg3 Qxd4 16. Rfd1 Qb6 17. b3 cxb3 18. axb3 a6 19. b4 Bf8 20. Be5 Be7 21. Qc1 Rg8 22. Qf4 g3 23. Bd4 e5 24. Qxe5 Nd7 25. Qxh5 gxf2+ 26. Bxf2 Qc7 27. Qh7 Nf6 28. Qh6 Qe5 29. Qe3 Bxb4 30. Rac1 Ba5 31. Bf3 Bc7 32. Ne2 Ng4 33. Bxg4 Rxg4 34. Kf1 Rd8 35. Rxd8+ Bxd8 36. Rd1 Bc8 37. Nd4 Bd7 38. Qd2 Be7 39. Nf3 Qe6 40. Qb2 Rg8 41. h5 Qc4+ 42. Kg1 Bh3 43. g3 Qxe4 44. Ne1 Bg4 45. Rd4 Qe2 46. Qc1 c5 47. Rd2 Qe6 48. Rd3 Bxh5 49. Re3 Qd6 50. Nd3 c4 51. Ne5 Kf8 52. Re4 Bg5 53. Qf1 Kg7 54. Bd4 f6 55. Qf5 Kh6 56. Ng4+ Bxg4 57. Qxg4 Qxd4+ 58. Rxd4 Be3+ 59. Kf1 Rxg4 60. Rxg4 c3 61. Rh4+ Kg5 62. Rh2 b4 0-1

[Event "Yerevan ol (Men)"]
[Site "Yerevan"]
[Date "1996.??.??"]
[Round "10"]
[White "Nikolic, Predrag"]
[Black "Kramnik, Vladimir"]
[Result "1/2-1/2"]
[WhiteElo "2670"]
[BlackElo "2765"]
[PlyCount "44"]
[EventDate "1996.09.??"]
[Source "www.chesslib.no"]
[SourceDate "2004.05.04"]

1. d4 d5 2. c4 c6 3. Nc3 Nf6 4. Nf3 e6 5. Bg5 h6 6. Bxf6 Qxf6 7. e3 Nd7 8. Bd3 dxc4 9. Bxc4 g6 10. O-O Bg7 11. Rc1 O-O 12. b4 Qe7 13. Qb3 Rd8 14. a4 a5 15. bxa5 Rxa5 16. Rfd1 b6 17. Nd2 c5 18. d5 Bxc3 19. Rxc3 Nf6 20. dxe6 Bxe6 21. Rcc1 Ra7 22. Bxe6 Qxe6 1/2-1/2

[Event "Dortmund"]
[Site "?"]
[Date "2000.??.??"]
[Round "?"]
[White "Kramnik, Vladimir"]
[Black "Akopian, V."]
[Result "1-0"]
[WhiteElo "2770"]
[BlackElo "2660"]
[PlyCount "81"]
[EventDate "2000.??.??"]
[Source "Chess Informant"]
[SourceDate "2000.06.01"]

1. Nf3 d5 2. d4 Nf6 3. c4 c6 4. Nc3 e6 5. Bg5 h6 6. Bh4 dxc4 7. e4 g5 8. Bg3 b5 9. Be2 Bb7 10. h4 g4 11. Ne5 h5 12. O-O Nbd7 13. Qc2 Nxe5 14. Bxe5 Bg7 15. Rad1 O-O 16. Bg3 Nh7 17. e5 f5 18. exf6 Qxf6 19. f3 Qf5 20. Qd2 Qg6 21. fxg4 hxg4 22. Qe3 Rf5 23. Ne4 c5 24. Nxc5 Bd5 25. a4 Raf8 26. axb5 Rf3 27. gxf3 gxf3 28. Kh2 Nf6 29. Bxf3 Bxf3 30. Qxe6+ Kh8 31. Rxf3 Qc2+ 32. Rf2 Qxd1 33. Kg2 Qxd4 34. Qe5 Qd5+ 35. Qxd5 Nxd5 36. Rxf8+ Bxf8 37. Na4 Bg7 38. Kf3 Nb6 39. Nxb6 axb6 40. Ke4 Bxb2 41. Kd5 1-0

[Event "World Cup"]
[Site "Khanty-Mansiysk RUS"]
[Date "2007.12.02"]
[Round "3.3"]
[White "Inarkiev, E."]
[Black "Aronian, L."]
[Result "0-1"]
[WhiteElo "2674"]
[BlackElo "2741"]
[PlyCount "96"]
[EventDate "2007.11.24"]
[Source "www.chesslib.no"]
[SourceDate "2004.05.04"]

1. d4 d5 2. Nf3 Nf6 3. c4 c6 4. Nc3 e6 5. Bg5 h6 6. Bh4 dxc4 7. e4 g5 8. Bg3 b5 9. Be2 Bb7 10. O-O Nbd7 11. Ne5 Bg7 12. Nxd7 Nxd7 13. Bd6 a6 14. Re1 c5 15. dxc5 Rc8 16. a4 b4 17. c6 Bxc6 18. Nd5 Ne5 19. Be7 Qd7 20. Nf6+ Kxe7 21. Nxd7 Bxd7 22. Qd2 a5 23. Rad1 Rhd8 24. Qd6+ Ke8 25. Qb6 Ra8 26. Rd6 Rdb8 27. Qc5 Rc8 28. Qb6 Rcb8 29. Qe3 Rc8 30. h4 Ke7 31. Rb6 g4 32. f4 gxf3 33. gxf3 Bxa4 34. f4 Nd7 35. e5 Nxb6 36. Qxb6 Kf8 37. Bh5 c3 38. f5 cxb2 39. Qd6+ Kg8 40. Bxf7+ Kh8 41. f6 Rc1 42. fxg7+ Kxg7 43. Qe7 Rxe1+ 44. Kh2 Rh1+ 45. Kg3 Rg1+ 46. Kh2 b1=Q 47. Be8+ Kh8 48. Qf6+ Rg7 0-1

[Event "It"]
[Site "?"]
[Date "1996.07.07"]
[Round "3"]
[White "Topalov Veselin"]
[Black "Gelfand Boris"]
[Result "1/2-1/2"]
[WhiteElo "2750"]
[BlackElo "2665"]
[PlyCount "115"]
[EventDate "1996.??.??"]
[Source "www.chesslib.no"]
[SourceDate "2004.05.04"]

1. d4 d5 2. c4 c6 3. Nf3 Nf6 4. Nc3 e6 5. Bg5 h6 6. Bh4 dxc4 7. e4 g5 8. Bg3 b5 9. Be2 Bb7 10. O-O Nbd7 11. a4 b4 12. e5 Nh5 13. Ne4 c5 14. Nfd2 Nxg3 15. fxg3 Be7 16. Nd6+ Bxd6 17. exd6 c3 18. bxc3 bxc3 19. Nc4 O-O 20. Rc1 f5 21. dxc5 Rc8 22. Bf3 Ba6 23. c6 Bxc4 24. c7 Qf6 25. Re1 Nc5 26. Re3 Ne4 27. h3 Bd5 28. Bxe4 fxe4 29. Rexc3 Rf7 30. Kh2 Qe5 31. Rc6 e3 32. Qe2 Bxc6 33. Rxc6 Qd5 34. Qa6 Rff8 35. Rc3 Kg7 36. Rd3 Qe4 37. Qxc8 Rxc8 38. d7 Rxc7 39. d8=Q Rf7 40. Qd4+ Qxd4 41. Rxd4 Rb7 42. Re4 Kf6 43. Rxe3 Rb4 44. Rf3+ Ke7 45. Rc3 Rxa4 46. Rc7+ Kd6 47. Rh7 a5 48. Rxh6 Rc4 49. Rh8 a4 50. h4 g4 51. h5 Ke7 52. h6 Kf7 53. Re8 Rc5 54. Ra8 Rh5+ 55. Kg1 Rxh6 56. Rxa4 Rg6 57. Kf2 Kg7 58. Kf1 1/2-1/2

[Event "Olimpiadi 2008 - open"]
[Site "Dresda GER"]
[Date "2008.11.23"]
[Round "10"]
[White "Ivanisevic, I."]
[Black "Aronian, L."]
[Result "0-1"]
[WhiteElo "2658"]
[BlackElo "2757"]
[PlyCount "60"]
[EventDate "2008.11.13"]
[Source "www.chesslib.no"]
[SourceDate "2004.05.04"]

1. d4 d5 2. c4 c6 3. Nf3 Nf6 4. Nc3 e6 5. Bg5 h6 6. Bxf6 Qxf6 7. Qb3 dxc4 8. Qxc4 Nd7 9. O-O-O a5 10. e3 a4 11. Nxa4 g6 12. Nc3 Bg7 13. h4 O-O 14. h5 g5 15. Bd3 Nb6 16. Qb3 Nd5 17. Bb1 Rd8 18. Ne5 c5 19. Qc2 cxd4 20. Qh7+ Kf8 21. Ng4 Qe7 22. Nxd5 exd5 23. Nxh6 Qf6 24. Ng8 Qc6+ 25. Bc2 Rxa2 26. h6 Be5 27. exd4 Ra1+ 28. Kd2 Bf4+ 29. Ke1 Re8+ 30. Kf1 Rxd1+ 0-1

[Event "Linares"]
[Site "?"]
[Date "1993.??.??"]
[Round "?"]
[White "Karpov, An"]
[Black "Gelfand, B."]
[Result "1-0"]
[WhiteElo "2725"]
[BlackElo "2690"]
[PlyCount "89"]
[EventDate "1993.??.??"]
[Source "ChessBase"]
[SourceDate "1993.02.01"]

1. d4 Nf6 2. c4 e6 3. Nf3 d5 4. Nc3 dxc4 5. Qa4+ c6 6. Qxc4 b5 7. Qd3 Bb7 8. e4 b4 9. Na4 Nbd7 10. Bg5 Qa5 11. b3 c5 12. Bxf6 gxf6 13. Be2 O-O-O 14. O-O Kb8 15. d5 Nb6 16. Nxb6 Qxb6 17. Rad1 Bh6 18. Qc4 Rd6 19. dxe6 Rxe6 20. Rd5 Rhe8 21. Bd3 Rd8 22. Rd1 Red6 23. Be2 Bxd5 24. exd5 Qb7 25. Qh4 Bf8 26. Bc4 Rxd5 27. Bxd5 Rxd5 28. Re1 Rd8 29. Qxf6 Qc7 30. g3 Bd6 31. Ng5 Rd7 32. Re8+ Kb7 33. Ne4 Be7 34. Qf5 Qc6 35. Kg2 Rc7 36. Rh8 Qg6 37. Qd5+ Qc6 38. Qxc6+ Kxc6 39. Rxh7 Kd5 40. Nd2 Bf6 41. Nc4 Kd4 42. Rh6 Rc6 43. g4 Re6 44. h4 Kd5 45. g5 1-0